Les IGP de vins en France - Statistiques

Statistiques générales
  • Ce quiz a été pris 35 fois
  • Le résultat moyen est 4 sur 74
Statistiques - réponses
Indice IGP % Correct
2A 2B Corse
50%
07 Ardèche
23%
11 Aude
23%
30 Gard
23%
04 05 06 07 13 2A 2B 26 83 84 Méditerranée
19%
83 Var
19%
84 Vaucluse
19%
Océan Atlantique
15%
40 Landes
15%
12 Aveyron
12%
26 Drôme
12%
05 Hautes-Alpes
12%
77 78 92 93 95 Ile-de-France
12%
Collines 69 rhodaniennes
12%
06 Alpes Maritimes
8%
Entre Luberon et Camargue Alpilles
8%
Côtes 66 Catalanes
8%
39 Franche-Comté
8%
32 Gers
8%
87 Haute-Vienne
8%
38 Isère
8%
04 Alpes de Haute Provence
4%
Côteaux 21 de l'Auxois
4%
11 30 34 66 48 Pays d'Oc
4%
52 Haute-Marne
4%
24 Périgord
4%
Comté sud ouest Tolosan
4%
Côte 66 Vermeille
4%
89 Yonne
4%
47 Agenais
0%
14 Calvados
0%
07 et 30 Cévennes
0%
16 Charentais
0%
Côteaux 34 de Béziers
0%
19 Pays de Brive
0%
Cité fortifiée de Carcassonne
0%
Côteaux 52 de Coiffy
0%
Côtes 32, 40 et 47 de Gascogne
0%
Côteaux 46 de Glanes
0%
Côtes 58 de la Charité
0%
Côteaux 01 de l'Ain
0%
Côtes 55 de Meuse
0%
Côteaux 34 de Narbonne
0%
Côteaux 34 d'Ensérune
0%
Côteaux 34 et 11 de Peyriac
0%
Côteaux 26 des Baronnies
0%
13 Pays des Bouches-du-Rhône
0%
Côteaux 58 de Tannay
0%
Côtes 34 de Thau
0%
Côtes 34 de Thongue
0%
34 Pays d'Hérault
0%
Côteaux 19 et 36 du Cher et de l'Arnon
0%
Côtes 46 du Lot
0%
Côteaux 30 du Pont du Gard
0%
Côtes 81 du Tarn
0%
11 Haute-vallée-de-l'Aude
0%
34 Haute-vallée-de-l'Orb
0%
82 Lavilledieu
0%
83 Maures
0%
83 Mont-Caume
0%
11 Pays cathare
0%
63 Puy-de-Dôme
0%
13 30 34 Sable-de-Camargue
0%
21 71 Sainte-Marie-la-Blanche
0%
34 Saint-Guilhem-le-Désert
0%
71 Saône-et-Loire
0%
30 34 11 66 48 Terres-du-Midi
0%
47 Thézac-Périgard
0%
42 Urfé
0%
03 18 36 37 41 44 45 49 58 63 72 79 85 86 Val-de-Loire
0%
11 Vallée-du-Paradis
0%
11 Vallée-du-Torgan
0%
34 Vicomté d'Aumelas
0%
01 73 74 Vin-des-Allobroges
0%
Aucun quiz correspondant
Distribution des résultats
% des personnes avec chaque résultat
Percentile par nombre de réponses
Votre historique - résultats
Vous n’avez pas pris ce quiz